000 00292nam a22000857a 4500
999 _c11409
_d11409
008 190416b ||||| |||| 00| 0 eng d
020 _a9789388203203
100 _97141
_aBEST BOOK PUBLISHING HOUSE
245 _aMATHEMATICS CLASS XII CBSE SAMPLE PAPERS WITH SOLUTIONS& MODELTEST PAPERS FOR REVISION